Heaven - Bryan Adams - All Lyrics - Statistics

General Stats
  • This quiz has been taken 400 times
  • The average score is 134 of 176
Answer Stats
Hint Answer % Correct
you
98%
You
98%
you,
98%
I
97%
heaven.
95%
in
95%
we
94%
and
92%
And
92%
it
92%
It
92%
to
92%
were
92%
we're
92%
when
92%
your
92%
be
91%
me,
91%
me.
91%
me
91%
my
91%
that
91%
all
90%
R Baby
90%
the
90%
1 | 2 Oh,
88%
oh.
88%
here
87%
you're
87%
arms.
86%
hard
85%
Now
85%
now.
85%
now
85%
want
85%
young
85%
can
84%
love
84%
There
84%
there
84%
was
84%
is
83%
wild
83%
believe
82%
free.
82%
about
81%
find
81%
for
81%
lying
81%
from
80%
heart.
80%
only
80%
our
80%
need.
79%
thinking
79%
years.
79%
away
78%
by
78%
nothing
78%
take
78%
younger
78%
down
77%
down.
77%
before,
75%
I'm
75%
more.
75%
over
75%
see,
75%
so
75%
but
74%
road
74%
been
73%
coming
73%
back
72%
We've
71%
found
70%
finding
69%
that's
69%
too
69%
keep
68%
isn't
66%
what
62%
who
62%
will
61%
life
60%
feeling
59%
mean
59%
up
59%
someone
57%
around,
54%
way.
54%
are
53%
change
53%
just
53%
hold
52%
once
52%
say,
51%
Yeah,
51%
yeah,
51%
long
50%
I'll
49%
turn
48%
could
47%
B I've
47%
there's
47%
world
47%
bring
45%
times
45%
dreams
44%
good
44%
bad,
43%
'cause
43%
true.
43%
you'll
43%
light
42%
waiting
42%
standing
41%
come
40%
something
39%
arrive,
35%
through
35%
along.
34%
lots
29%
No matching quizzes found
Score Distribution
Percent of People with Each Score
Percentile by Number Answered
Your Score History
You have not taken this quiz